000
00281nam a22001337a 4500
020
_a
1-8442-2606-9
082
_a
823
_b
HIL/S
100
_a
HILL, ERIC
245
_a
SPORT'S GARDEN
260
_a
ENGLAND
_b
LADY BIRD
300
_a
29
650
_a
ENGLISH SHORT STORY
_z
UK
942
_c
BK
999
_c
2634
_d
2634